LEADER 00929nam a2200241 i 4500 001 000000173505 003 CaOOAMICUS 005 20080721000000.0 008 080721s1986 it u000 u ita u 013 $a150958 020 $a88-7610-163-2 040 $aSeMil$bita 100 1 $aBasadonna, Giorgio,$d<1922-2008>.$0(OLS)http://semarc/name/15224 245 13$aLa preghiera del Rosario /$cGiorgio Basadonna. 260 $aMilano :$bÀncora,$ccopyr. 1986. 300 $a79 p. :$bill. ;$c17 cm. 650 4$aRosario - Sussidi.$0(OLS)http://semarc/subject/15584 850 $aSeMil 852 $aSeMil$W1$xVenegono$y1$m3F I 554$j124350$B124350$CSeMilBibl$Z2$F136222 $81 961 $aLascito: Basadonna mons. Giorgio 996 $6020$a88-7610-163-2$9(OLS)http://semarc/number/161171 996 $6245$aLa preghiera del Rosario$9(OLS)http://semarc/title/248566 996 $6260$aMilano :$bÀncora$9(OLS)http://semarc/publisher/29763 LEADER 01149nam a2200265 i 4500 001 000000175730 003 CaOOAMICUS 005 20081115000000.0 008 081115s1959 it u000 u mul u 013 $a153213 040 $aSeMil$bita 100 0 $aCicero, Marcus Tullius,$d<106-43 a.C.>.$0(OLS)http://semarc/name/659 245 10$aTraité des Lois /$cCicéron ; texte établi et traduit par Georges de Plinval. 260 $aParis :$bLes Belles Lettres,$c1959. 300 $aLXXII, 129 p. ;$c21 cm. 490 0 $aCollection des Universités de France 500 $aDoppia e identica sequenza di numerazione per il testo francese ed il testo latino. 700 1 $aPlinval, Georges : de,$d<1891-1973>.$0(OLS)http://semarc/name/9704 830 0$aCollection des Universités de France.$0(OLS)http://semarc/title/6036 850 $aSeMil 852 $aSeMil$W1$xVenegono$y1$m1X I 178$j126552$B126552$CSeMilBibl$Z2$F137216 $81 900 0 $aCicerone, Marco Tullio. 996 $6245$aTraité des Lois$9(OLS)http://semarc/title/252061 996 $6260$aParis :$bLes Belles Lettres$9(OLS)http://semarc/publisher/30422